Normal view
MARC view
- Clinical Psychology - MS Thesis.
Entry Topical Term
001 - CONTROL NUMBER
- control field: 18933
003 - CONTROL NUMBER IDENTIFIER
- control field: NUST
005 - DATE AND TIME OF LATEST TRANSACTION
- control field: 20190801050313.0
008 - FIXED-LENGTH DATA ELEMENTS
- fixed length control field: 190801|| aca||aabn | a|a d
040 ## - CATALOGING SOURCE
- Original cataloging agency: NUST
- Transcribing agency: NUST
150 ## - HEADING--TOPICAL TERM
- Topical term or geographic name entry element: Clinical Psychology - MS Thesis.
670 ## - SOURCE DATA FOUND
- Source citation: Work cat.: (NUST)478727: Rehman, Fiza, Parental Psychopathology, Child Abuse and Neglect and Childhood Behavioral Problems /, 2017.
